000 00604nam a2200217 a 4500
008
020 _a9789381465981 (hbk.)
049 _aMAIN
090 _aHM742
_bPAU
100 1 _aPaul, Amarjeet.
245 1 0 _aSocial Networking Statistics/
_c Armarjeet Paul and Nidhi Grover.
260 _aNew Delhi :
_bAlfa,
_c2012.
300 _a304 p, :
_bindex. ;
_c22 cm.
650 _aSocial Networks.
700 _aGrover, Nidhi
907 _a.b10335705
_b18-10-13
_c15-10-13
003
005 20230123122031.0
040 _cNUST
942 _cBOOKS
_kHM742
_mPAU
999 _c126647
_d126647